| 000 | 00952nmm a2200265Ia 4500 | ||
|---|---|---|---|
| 008 | 251105s9999||||xx |||||||||||||||||und|| | ||
| 020 | _a9788436949339 | ||
| 041 | _aspa | ||
| 100 | _aPedrera Llosa, Sergio (coord.) | ||
| 245 | 0 | _aCódigos artísticos y desarrollo de la expresión en la competencia cultural artística | |
| 264 |
_a[Madrid, España] : _bMinisterio de Educación, Cultura y Deporte de España, _c2012 |
||
| 300 | _a288 páginas | ||
| 490 | _aAulas de verano (Serie Humanidades) | ||
| 650 | _aArts in general | ||
| 700 | _aPedrera Llosa, Sergio (coord.) | ||
| 700 | 1 | _a Alsina Masmitjà, Pep (ed.) | |
| 700 | 1 | _a Álvarez García, Lucia | |
| 700 | 1 | _a Doménech Villa, Ramón | |
| 700 | 1 | _a La Banda Tejedor, Elena | |
| 700 | 1 | _a Lara Padilla, Tíscar | |
| 700 | 1 | _a Nuez García, Cristóbal Luis | |
| 700 | 1 | _a Rodríguez Hernández, Marta | |
| 856 | _uhttps://public.digitaliapublishing.com/a/17799 | ||
| 942 | _cCF | ||
| 999 |
_c69856 _d69856 |
||